000 00861nam a2200253 u 4500
001 66925
005 20201023083644.0
008 170317s2014 xxua r 000 0 eng d
020 _a9781497511903
040 _erda
041 0 _aeng
082 0 _a519.57
_bCOL
100 1 _aColeman, Daniel
_c(Senior operations officer)
_eautor
245 1 2 _aA DOE handbook :
_ba simple approach to basic statiscal sedign of experiments /
_cDaniel Coleman, Bert Gunter.
250 _a[First edition]
264 1 _a[United States?] :
_b[editor no identificado],
_c[2014]
300 _a117 páginas :
_bilustraciones ;
_c23 cm.
336 _atexto
_2rdacontent
_btxt
337 _asin medio
_2rdamedia
_bn
338 _avolumen
_2rdacarrier
_bnc
650 4 _aDiseño experimental
700 1 _aGunter, Bert,
_ecoautor
_93758
999 _c66925
_d66925
942 _h519.57
_iCOL
_cLI